=LDR 00000nam 2200000 4500 =001 INLIS000000000003932 =005 20130612092229 =008 ***********************************Ind** =035 ##$$0010-061300000003932 =041 ##$$a Ind =082 ##$$a 910.209 598 22 =090 ##$$a 910.209 598 22, Pan m =100 ##$$a Pany, Yubel Samuel Dae =245 ##$$a Mari berwisata ke Wonosobo dan dataran tinggi Dieng Jawa Tengah-Indonesia, yubel Samuel Dae Pany =260 ##$$a [19-?] $b Yogyakarta =300 ##$$a ix, 90 hlm., ilus., 18 cm =650 ##$$a Pariwisata, Industri =650 ##$$a Jawa Tengah =850 ##$$a NBPNMAT